| 000 | 00468nam a2200169Ia 4500 | ||
|---|---|---|---|
| 003 | GCL | ||
| 008 | 140319s9999 xx 000 0 ara d | ||
| 040 |
_aGCL / _cGCL |
||
| 082 | 0 | 4 |
_aط _b372.218 _bد ا |
| 100 | 1 | _aدار الكتاب الحديث | |
| 245 | 1 | 0 |
_aالاعداد والالوان للاطفال / _cدار الكتاب الحديث |
| 300 | _a31 ص | ||
| 490 |
_a100 قصة _v0 |
||
| 650 | 0 | 4 | _aتعليم |
| 650 | 0 | 4 | _aالحساب |
| 942 |
_2ddc _cBK |
||
| 999 |
_c44899 _d44899 |
||